Available copies
- 2 of 2 copies available at LARL/NWRL Consortium. (Show)
- 1 of 1 copy available at Northwest Regional Library.
Current holds
2 current holds with 2 total copies.
Show Only Available Copies
| Location | Call Number / Copy Notes | Barcode | Shelving Location | Status | Due Date |
|---|---|---|---|---|---|
| Thief River Falls Public Library | ya PAT (Text) | 35500004657514 | Main | Available | - |
Record details
- ISBN: 9780316036191
- ISBN: 0316036196
- ISBN: 9780316038317
- Physical Description: p. cm.
- Edition: 1st ed.
- Publisher: New York : Little, Brown, 2010.
Content descriptions
| Summary, etc.: | When Max and the Flock discover an unscrupulous ... Read More |
Search for related items by subject
| Subject: | Genetic engineering > Fiction. Adventure and adventurers > Fiction. Science fiction. |
Search for related items by series
| LDR | 02060cam a22004218a 4500 | ||
|---|---|---|---|
| 001 | 112706 | ||
| 003 | LARL_NWRL_CONSORTIUM | ||
| 005 | 20240530144017.0 | ||
| 008 | 091127s2010 nyu c 000 1 eng | ||
| 020 | . | ‡a9780316036191 | |
| 020 | . | ‡a0316036196 | |
| 020 | . | ‡a9780316038317 | |
| 035 | . | ‡a(OCoLC)318877977 | |
| 042 | . | ‡alcac | |
| 082 | 0 | 0. | ‡a[Fic] ‡222 |
| 100 | 1 | . | ‡aPatterson, James, ‡d1947- ‡0(LARL_NWRL_CONSORTIUM)54299 |
| 245 | 1 | 0. | ‡aFang / ‡cJames Patterson. |
| 250 | . | ‡a1st ed. | |
| 260 | . | ‡aNew York : ‡bLittle, Brown, ‡c2010. | |
| 300 | . | ‡ap. ‡ccm. | |
| 490 | 0 | . | ‡aMaximum Ride ; ‡v6 |
| 520 | . | ‡aWhen Max and the Flock discover an unscrupulous scientist who is experimenting on humans in an effort to "improve" the human race, they decide that they must try to stop him, in spite of Angel's prediction about Fang dying. | |
| 650 | 1. | ‡aGenetic engineering ‡vFiction. ‡0(LARL_NWRL_CONSORTIUM)165447 | |
| 650 | 1. | ‡aAdventure and adventurers ‡vFiction. ‡0(LARL_NWRL_CONSORTIUM)175858 | |
| 650 | 1. | ‡aScience fiction. ‡0(LARL_NWRL_CONSORTIUM)30394 | |
| 901 | . | ‡a112706 ‡bOCLC ‡c112706 ‡tbiblio | |

Add to basket
Permalink
Disable Highlighting